Mundo T-Rex - Por favor, não me comas! (Registo nº 75422)

Detalhes MARC
000 -Etiqueta do registo
campo de controlo de comprimento fixo 00407 2200157 4500
001 - Identificador do registo
Campo de controlo 75422
005 - Identificador da versão
Campo de controlo 20260128112345.0
010 ## - ISBN
Número (ISBN) 978-972-0-72316-1
100 ## - Dados Gerais de Proc.
Dados gerais de processamento 20260128d2024 c||y0pory50 ba
200 ## - Título
Título próprio Mundo T-Rex - Por favor, não me comas!
Primeira menção de responsabilidade Jochen Till
Outras menções de responsabilidade il. Raimund Frey
205 ## - Menção da edição
Menção da edição 1ªed
210 ## - Publicação, Distribuição
Lugar da edição, distribuição, etc. Porto
Nome do editor, distribuidor, etc. Porto Editora
Data da publicação, distribuição, etc. 2024
215 ## - Descrição física
Descrição física 68[1]p.
675 ## - CDU
Notação 82
Edição 1ªed
090 ## - Números de controlo do sistema (Koha)
Número biblioitem do Koha (gerado automaticamente) 75422
942 ## - Elementos de entrada adicionados (Koha)
Tipo de item no Koha Monografias
Suprimido Disponível no OPAC
Exemplares
Removido (estado) Perdido (estado) Data de aquisição Origem do registo (biblioteca) (codificado) Código da organização que empresta ou é detentora (biblioteca) Código de barras Número de inventário Cota Data de empréstimo ou depósito Tipo de circulação (não pode ser emprestado) Tipo de item e material
Disponível Disponível 2026-01-28 Biblioteca EB23 D. Manuel I Biblioteca EB23 D. Manuel I BEBDMI9684 9684 I - 3 TIL 2026-03-18 Normal Monografias